000 00652cam a22002293a 4500
001 12978
003 PGUSA
005 20140828083259.0
008 040721s2004||||xxu|||||s|||||000 | eng d
040 _aPGUSA
_beng
042 _adc
050 4 _aNB
100 1 _aVincent, W. T.
_q(William Thomas)
245 1 0 _aIn Search of Gravestones Old and Curious
_h[electronic resource] /
_cW. T. Vincent
260 _bProject Gutenberg,
_c2004
506 _aPublic domain in the USA.
516 _aElectronic text
653 _aSepulchral monuments
830 0 _aProject Gutenberg
_v12978
856 4 0 _uhttp://www.gutenberg.org/ebooks/12978
942 _cEB
999 _c242233
_d242233